|
|
|
|
| LEADER |
00000nam0a2200000 4500 |
| 001 |
357606 |
| 005 |
20231102011017.0 |
| 035 |
|
|
|a (RuTPU)RU\TPU\retro\14874
|
| 090 |
|
|
|a 357606
|
| 100 |
|
|
|a 20200806d1969 k y0rusy50 ca
|
| 101 |
0 |
|
|a rus
|
| 102 |
|
|
|a RU
|
| 105 |
|
|
|a a z 001zy
|
| 200 |
1 |
|
|a Диэлектрическая релаксация и энергия сегментального движения в полимерах
|e отдельный оттиск
|f Р. М. Кессених, А. В. Петров
|
| 210 |
|
|
|a Томск
|c Изд-во Томского ун-та
|d 1969
|
| 215 |
|
|
|a С. 7-13
|c ил.
|
| 225 |
1 |
|
|a Известия высших учебных заведений. Физика
|v № 9
|
| 320 |
|
|
|a Библиогр. в конце ст.
|
| 606 |
1 |
|
|a Полимеры
|x Диэлектрические свойства
|2 stltpush
|3 (RuTPU)RU\TPU\subj\50240
|9 68964
|
| 610 |
1 |
|
|a релаксационные свойства
|
| 610 |
1 |
|
|a энергия активации
|
| 610 |
1 |
|
|a нелинейность
|
| 610 |
1 |
|
|a высокоэластическое состояние
|
| 610 |
1 |
|
|a температура
|
| 610 |
1 |
|
|a стеклование
|
| 610 |
1 |
|
|a коллекция ТПУ
|
| 610 |
1 |
|
|a оттиски
|
| 675 |
|
|
|a 678.01:53
|v 4
|
| 700 |
|
1 |
|a Кессених
|b Р. М.
|
| 701 |
|
1 |
|a Петров
|b А. В.
|c физик
|c руководитель группы Томского политехнического университета
|f 1946-
|g Анатолий Викторович
|2 stltpush
|3 (RuTPU)RU\TPU\pers\37490
|
| 801 |
|
1 |
|a RU
|b 63413507
|c 20200806
|
| 801 |
|
2 |
|a RU
|b 63413507
|c 20200806
|g RCR
|
| 942 |
|
|
|c BK
|